|
|
|
|
| LEADER |
00000nam0a2200000 4500 |
| 001 |
142554 |
| 005 |
20231031142800.0 |
| 020 |
|
|
|a RU
|b 90-42575
|
| 035 |
|
|
|a (RuTPU)RU\TPU\book\154484
|
| 090 |
|
|
|a 142554
|
| 100 |
|
|
|a 20080909d1990 m y0rusy5003 ca
|
| 101 |
0 |
|
|a rus
|
| 102 |
|
|
|a RU
|
| 105 |
|
|
|a a z 000ay
|
| 200 |
1 |
|
|a Сквозь ветер
|e Роман, повести, рассказы
|f Г. О. Куклин
|g сост., послесл. и коммент. О. А. Гантваргер ; худож. Н. П. Горбунов
|
| 210 |
|
|
|a Иркутск
|c Восточно-Сибирское кн. изд-во
|d 1990
|
| 215 |
|
|
|a 446,[2] с., [5] л. ил.
|d 22 см
|
| 225 |
1 |
|
|a Литературные памятники Сибири
|e ЛПС
|
| 333 |
|
|
|a Исключено из фонда НТБ ТПУ
|
| 675 |
|
|
|a Р2
|z rus
|
| 700 |
|
1 |
|a Куклин
|b Г. О.
|g Георгий Осипович
|4 070
|
| 702 |
|
1 |
|a Гантваргер
|b О. А.
|4 220
|
| 702 |
|
1 |
|a Горбунов
|b Н. П.
|4 440
|
| 801 |
|
0 |
|a RU
|b RuMRKP
|c 19950417
|g psbo
|
| 801 |
|
1 |
|a RU
|b 63413507
|c 20080909
|g PSBO
|
| 801 |
|
2 |
|a RU
|b 63413507
|c 20221117
|g PSBO
|
| 942 |
|
|
|c BK
|